| 000 | 01620nam a2200385Ia 4500 | ||
|---|---|---|---|
| 001 | ebr10723911 | ||
| 003 | CaPaEBR | ||
| 006 | m o u | ||
| 007 | cr cn||||||||| | ||
| 008 | 110515s2012 enka sb 001 0 eng d | ||
| 020 | _z0746312180 (pbk.) | ||
| 020 | _z9780746312186 (pbk.) | ||
| 020 | _z9780746312506 | ||
| 040 |
_aCaPaEBR _cCaPaEBR |
||
| 035 | _a(OCoLC)854569483 | ||
| 050 | 1 | 4 |
_aPN1009.A1 _bR475 2012eb |
| 082 | 0 | 4 |
_a820.99282 _223 |
| 100 | 1 | _aReynolds, Kimberley. | |
| 245 | 1 | 0 |
_aChildren's literature _h[electronic resource] : _bfrom the fin de siecle to the new millennium / _cKimberley Reynolds. |
| 246 | 3 | _aChildren's literature from the fin de siecle to the new millennium | |
| 250 | _a2nd ed. | ||
| 260 |
_aTavistock, Devon, U.K. : _bNorthcote House, _c2012. |
||
| 300 |
_axi, 98 p. : _bill. |
||
| 490 | 1 | _aWriters and their work | |
| 500 | _a"British Council." | ||
| 500 | _a"Updated version of Children's literature in the 1890s and the 1990s"--P. [4] of cover. | ||
| 504 | _aIncludes bibliographical references (p. 86-94) and index. | ||
| 533 |
_aElectronic reproduction. _bPalo Alto, Calif. : _cebrary, _d2013. _nAvailable via World Wide Web. _nAccess may be limited to ebrary affiliated libraries. |
||
| 650 | 0 |
_aChildren's literature _xHistory and criticism. |
|
| 650 | 0 |
_aChildren _xBooks and reading _zGreat Britain. |
|
| 655 | 7 |
_aElectronic books. _2local |
|
| 710 | 2 | _aebrary, Inc. | |
| 830 | 0 | _aWriters and their work (Unnumbered) | |
| 856 | 4 | 0 |
_uhttp://site.ebrary.com/lib/rucke/Doc?id=10723911 _zAn electronic book accessible through the World Wide Web; click to view |
| 999 |
_c38439 _d38439 |
||